Countries Marco wants to visit (2024) (Map) - Statistics

General Stats
  • This quiz has been taken 23 times
    7 since last reset
  • The average score is 35 of 37
Answers on the Map
Answers color-coded by a green-red scale on the quiz's map according to % correct below.
 
Answer Stats
Answer % Correct
Unknown time Australia
100%
Visited already Bahamas
100%
Unknown time Brazil
100%
Unknown time Canada
100%
Unknown time China
100%
Unknown time Croatia
100%
Unknown time Cuba
100%
Unknown time Ecuador
100%
Unknown time Egypt
100%
Visited already France
100%
Unknown time Germany
100%
Unknown time Greece
100%
Unknown time India
100%
Unknown time Ireland
100%
Visited already Italy
100%
Unknown time Japan
100%
Visited already Mexico
100%
Unknown time Nepal
100%
Unknown time New Zealand
100%
Unknown time Nigeria
100%
Unknown time Norway
100%
Unknown time Philippines
100%
Unknown time Portugal
100%
Unknown time Russia
100%
Unknown time South Africa
100%
Visited already Spain
100%
Unknown time Thailand
100%
Unknown time U.K.
100%
2025 Vietnam
100%
Unknown time Aruba
80%
Unknown time Bermuda
80%
Born here U.S.A
80%
Visited already Vatican City
80%
Visited already Vatican City
80%
Visited already Vatican City
80%
Visited already Vatican City
80%
Unknown time French Polynesia
60%
No matching quizzes found
Score Distribution
Percent of People with Each Score
Percentile by Number Answered
Your Score History
You have not taken this quiz since the last reset